Learn to speak and write korean / (Record no. 157894)

MARC details
000 -LEADER
fixed length control field 00597nam a22001937a 4500
005 - DATE AND TIME OF LATEST TRANSACTION
control field 20181008114621.0
010 ## - LCCN (DPL NO)
LC control number ENG-124207
020 ## - INTERNATIONAL STANDARD BOOK NUMBER
Terms of availability 195.00
International Standard Book Number 97881838188X
035 ## - SYSTEM CONTROL NUMBER
System control number EN-107739
037 ## - SOURCE OF ACQUISITION
Source of stock number/acquisition DBAD/PUB
082 ## - DEWEY DECIMAL CLASSIFICATION NUMBER
Classification number 495.782421
100 ## - MAIN ENTRY--PERSONAL NAME
Personal name Mishra, Ravikesh
245 ## - TITLE STATEMENT
Title Learn to speak and write korean /
Statement of responsibility, etc by Ravikesh Mishra
260 ## - PUBLICATION, DISTRIBUTION, ETC. (IMPRINT)
Place of publication, distribution, etc New Delhi
Date of publication, distribution, etc 2011
Name of publisher, distributor, etc Lotus Press
270 ## - ADDRESS
City New Delhi
Address 4263/3, Ansari Raod, Darya Ganj,
Postal code 110002
300 ## - PHYSICAL DESCRIPTION
Extent 205p.
Dimensions 21(pbk.)
Other physical details ill.
500 ## - GENERAL NOTE
General note It includes word glossary and C.D.
942 ## - ADDED ENTRY ELEMENTS (KOHA)
Source of classification or shelving scheme Dewey Decimal Classification
Item type English Books
Classification part 495.782421
Call number suffix MIS
Holdings
Withdrawn status Lost status Not for loan Collection code Home library Current library Date acquired Source of acquisition Cost, normal purchase price Full call number Barcode Copy number Cost, replacement price Koha item type
    Not For Loan Non-fiction D.B.Act.Division Sarojini Nagar 08/10/2018 DBAD/PUB 195.00 495.782421 MIS EN-107739 1 195.00 English Books

© Delhi Public Library
Hit Counter
free hit counter